书目信息 |
| 题名: |
建筑装饰材料与施工工艺
|
|
| 作者: | 吴静 , 陈术渊 , 周峰 主编 | |
| 分册: | ||
| 出版信息: | 镇江 江苏大学出版社 2019.02 |
|
| 页数: | 276页 | |
| 开本: | 26cm | |
| 丛书名: | 普通高等学校艺术设计专业“十三五”规划教材 | |
| 单 册: | ||
| 中图分类: | TU56 , TU767 | |
| 科图分类: | ||
| 主题词: | 建筑材料--jian zhu cai liao--装饰材料--高等学校--教材 , 建筑装饰--jian zhu zhuang shi--工程施工--高等学校--教材 | |
| 电子资源: | ||
| ISBN: | 978-7-5684-1057-1 | |
| 000 | 01424nam 2200349 450 | |
| 001 | CAL 0120192809392 | |
| 005 | 20191111084830.9 | |
| 010 | @a978-7-5684-1057-1@dCNY64.50 | |
| 092 | @aCN@bRt888-1043 | |
| 100 | @a20191108d2019 em y0chiy0120 ea | |
| 101 | 0 | @achi |
| 102 | @aCN@b320000 | |
| 105 | @aak a 000yy | |
| 106 | @ar | |
| 200 | 1 | @a建筑装饰材料与施工工艺@Ajian zhu zhuang shi cai liao yu shi gong gong yi@f主编吴静, 陈术渊, 周峰 |
| 210 | @a镇江@c江苏大学出版社@d2019.02 | |
| 215 | @a276页@c彩图@d26cm | |
| 225 | 2 | @a普通高等学校艺术设计专业“十三五”规划教材@Apu tong gao deng xue xiao yi shu she ji zhuan ye “ shi san wu ” gui hua jiao cai |
| 320 | @a有书目 (第276页) | |
| 330 | @a本书考虑目前装饰装修行业的工程现状及社会要求, 根据国家已颁布的现行各项标准、规范和操作规程, 较为全面地介绍了近几年建筑装饰装修工程中广泛使用的各项施工工艺、新技术、常用机具, 着重介绍了最新的装饰装修材料及环保材料的标准。 | |
| 410 | 0 | @12001 @a普通高等学校艺术设计专业“十三五”规划教材 |
| 606 | 0 | @a建筑材料@Ajian zhu cai liao@x装饰材料@x高等学校@j教材 |
| 606 | 0 | @a建筑装饰@Ajian zhu zhuang shi@x工程施工@x高等学校@j教材 |
| 690 | @aTU56@v5 | |
| 690 | @aTU767@v5 | |
| 701 | 0 | @a吴静@Awu jing@4主编 |
| 701 | 0 | @a陈术渊@Achen shu yuan@4主编 |
| 701 | 0 | @a周峰@Azhou feng@4主编 |
| 801 | 0 | @aCN@b人天书店@c20191108 |
| 901 | @a江苏大学出版社 | |
| 905 | @aTSG@b0001802@dTU56@eW802@f2 | |
| 997 | @a期货 | |
| 建筑装饰材料与施工工艺/主编吴静, 陈术渊, 周峰.-镇江:江苏大学出版社,2019.02 |
| 276页:彩图;26cm.-(普通高等学校艺术设计专业“十三五”规划教材) |
| ISBN 978-7-5684-1057-1:CNY64.50 |
| 本书考虑目前装饰装修行业的工程现状及社会要求, 根据国家已颁布的现行各项标准、规范和操作规程, 较为全面地介绍了近几年建筑装饰装修工程中广泛使用的各项施工工艺、新技术、常用机具, 着重介绍了最新的装饰装修材料及环保材料的标准。 |
| ● |
| 相关链接 |
|
|
|
正题名:建筑装饰材料与施工工艺
索取号:TU56/W802
 
预约/预借
| 序号 | 登录号 | 条形码 | 馆藏地/架位号 | 状态 | 备注 |
| 1 | 1539088 | 215390887 | 建筑库201/201建筑库 10排2列3层/ [索取号:TU56/W802] | 在馆 | |
| 2 | 1539089 | 215390896 | 建筑库201/201建筑库 10排2列3层/ [索取号:TU56/W802] | 在馆 |